| 000 | 00945nam a22002777a 4500 | ||
|---|---|---|---|
| 005 | 2011101002132.0 | ||
| 008 | 111010t xxu||||| |||| 00| 0 eng d | ||
| 010 | _aENG-103915 | ||
| 020 |
_a9780230330023 _c285.00 |
||
| 020 |
_a0230330029 _c285.00 |
||
| 035 | _aEN-87448 | ||
| 037 | _bDBAD / PUB | ||
| 040 |
_adpl _bEng |
||
| 082 | _a155.26 | ||
| 100 |
_924913 _aParthasarathy, Swami |
||
| 245 |
_aTransforming personality / _cby Swami Parthasarathy |
||
| 250 | _a2nd ed | ||
| 260 |
_aNew Delhi _bMacmillan Publishers _c2011 |
||
| 270 |
_a2/10, Ansari Road, Daryaganj _bNew Delhi _e110002 |
||
| 300 |
_axiv,270p. _c24cm (pbk) |
||
| 500 | _aIncludes bibliographical references and index | ||
| 650 | _935248 | ||
| 700 | _924920 | ||
| 942 |
_2ddc _cEN _mPAR _h155.26 |
||
| 999 |
_c57436 _d57436 |
||